000
00245nam a2200109Ia 4500
008
190907s9999||||xx |||||||||||||| ||und||
100
_a
Cline,Marshall P.
245
0
_a
C++FAQS
260
_a
USA
_b
Microsoft Press
_c
199
300
_a
460
942
_c
BK
999
_c
6436
_d
6436